Realidad y perspectivas de la televisión local / Pere Oriol Costa Badia, José Manuel Pérez Tornero y José Martínez Abadía , Documetación y ápendices: José Luís Fecé José Luís Fecé
ISBN:
84-7794-187-4
Descripción Física:
108 p. ; 24 cm
Colección:
Materials de Política Cultural; 4
Materias:
Televisió local
MARC
| LEADER | 00000nam a2200000Ia 4500 | ||
|---|---|---|---|
| 001 | 16975 | ||
| 008 | 160829s1992 xx 000 0 cat d | ||
| 020 | |a 84-7794-187-4 | ||
| 080 | |a B-2-82 | ||
| 100 | |a Costa, Pere-Oriol, |d 1940- |9 1098 | ||
| 245 | |a Realidad y perspectivas de la televisión local / Pere Oriol Costa Badia, José Manuel Pérez Tornero y José Martínez Abadía , Documetación y ápendices: |b José Luís Fecé | ||
| 260 | |a [Barcelona] : |b Diputació de Barcelona, |c 1992 | ||
| 300 | |a 108 p. ; |c 24 cm | ||
| 490 | |a Materials de Política Cultural; 4 | ||
| 590 | |a Annexes | ||
| 650 | |a Televisió local |9 35070 | ||
| 700 | |a Pérez Tornero, José Manuel |9 34823 | ||
| 700 | |a Martínez Abadía, José |9 34824 | ||
| 700 | 1 | |a Fecé, José Luís |9 35071 | |
| 710 | 1 | |a Barcelona (Catalunya : Província). |b Diputació |9 52408 | |
| 901 | |a Arxiu | ||
| 942 | |n 1 | ||
| 952 | |0 0 |1 0 |4 0 |6 B282 |7 1 |9 46755 |a Arxiu |b Arxiu |d 2016-12-01 |l 0 |o B-2-82 |p 16975 |r 2016-12-01 00:00:00 |w 2016-12-01 |y ARXIU | ||
| 999 | |c 50548 |d 50548 | ||